000 00828nam a22002175i 4500
001 159654
003 ES-MaACL
005 20250826005519.0
008 981230s1894 fr |||| | fre d
040 _aCCPB | B
_bspa
_cCCPB | B
100 1 _aMilhaud, Léon.
_9129921
245 1 4 _aLes questions ouvrières
_b: les réformes possibles et pratiques dans les questions ouvrières /
_cpar Léon Milhaud.
260 _aParis :
_bV. Giard & Brière,
_c1894.
300 _a202 p. ;
_c18 cm.
490 1 _aPetite encyclopédie sociale, économique et financière ;
_v11
650 7 _aMovimiento obrero
_2embne
_915207
752 _aFrancia -
_dParís
830 0 _aPetite encyclopédie sociale, économique et financière ;
_v11
_9221958
852 _aES-MaACL
_jF-10586
_z-- Enc. hol.
999 _c159654
_d159654